000 00518nam a2200169 i 4500
001 135045
003 ES-MaACL
005 20230906194809.0
007 t|
008 070705s1950 sp ||||1| spa d
100 1 _aThomàs Sabater, Joan Maria.
_9110056
245 1 0 _aTres canciones toreras populares /
_cpor Juan María Thomas.
260 _aPalma de Mallorca :
_bCapella Classica,
_c[1950]
300 _a15 p. ;
_c22 cm.
710 0 0 _aCapella Clàssica (Mallorca)
_92432
852 _aES-MaACL
_j2065-F-4
_bR.60557
999 _c135045
_d135045